Baby-sitting is a dangerous job / (Record no. 4142)

MARC details
000 -LEADER
fixed length control field 00801nam a22002657a 4500
001 - CONTROL NUMBER
control field 4142
003 - CONTROL NUMBER IDENTIFIER
control field FISKH
005 - DATE AND TIME OF LATEST TRANSACTION
control field 20240612113845.0
008 - FIXED-LENGTH DATA ELEMENTS--GENERAL INFORMATION
fixed length control field 240612b cb ||||| |||| 00| 0 eng d
020 ## - INTERNATIONAL STANDARD BOOK NUMBER
International Standard Book Number 076714003958
040 ## - CATALOGING SOURCE
Original cataloging agency FISKH
Language of cataloging eng
Transcribing agency FISKH
Modifying agency FISKH
050 ## - LIBRARY OF CONGRESS CALL NUMBER
Classification number PZ7.R54465
082 ## - DEWEY DECIMAL CLASSIFICATION NUMBER
Classification number 459
100 ## - MAIN ENTRY--PERSONAL NAME
Personal name Roberts Davis Willo
Dates associated with a name 1928-2004
245 ## - TITLE STATEMENT
Title Baby-sitting is a dangerous job /
Statement of responsibility, etc. Willo Davis Roberts
260 ## - PUBLICATION, DISTRIBUTION, ETC.
Place of publication, distribution, etc. New York :
Name of publisher, distributor, etc. Aladdin Paperback,
Date of publication, distribution, etc. 1996
300 ## - PHYSICAL DESCRIPTION
Extent 161 pages :
Dimensions 20 cm
505 ## - FORMATTED CONTENTS NOTE
Formatted contents note O<br/>
520 ## - SUMMARY, ETC.
Summary, etc. A baby sitter and her three willful charges make a formidable team to outwit their surprised kidnappers.<br/>
521 8# - TARGET AUDIENCE NOTE
Target audience note 850<br/>
Source Lexile<br/>
521 8# - TARGET AUDIENCE NOTE
Target audience note O<br/>
Source Raz-Plus<br/>
700 ## - ADDED ENTRY--PERSONAL NAME
Personal name Willo Davis Roberts
942 ## - ADDED ENTRY ELEMENTS (KOHA)
Source of classification or shelving scheme Dewey Decimal Classification
Koha item type Books
Suppress in OPAC No
Holdings
Withdrawn status Lost status Source of classification or shelving scheme Damaged status Not for loan Collection Home library Current library Shelving location Date acquired Total Checkouts Full call number Barcode Date last seen Copy number Price effective from Koha item type
    Dewey Decimal Classification     Fiction Footprints International School Library Network Toul Kork Campus Footprints International School Library Network Toul Kork Campus TTP Secondary Fiction Bookshelves 06/12/2024   ROB PZ7.R54465 459 2024-0872 06/12/2024 1 06/12/2024 Books